Gobierno corporativo en la sociedad por acciones

Saved in:
Bibliografiske detaljer
Hovedforfatter: Aguirre Brand, María Laura (Author)
Format: Bog
Sprog:spansk
Udgivet: Santiago Thomson Reuters Puntolex 2010
Fag:
Tags: Tilføj Tag
Ingen Tags, Vær først til at tagge denne postø!

MARC

LEADER 00000cam a2200000 a 4500
001 UCG2605
003 CL-VaPUC
005 20241218150519.0
008 100715e20100519CL |||||||||||||||||spa|d
020 |a 9789563370126 
040 |c Pontificia Universidad Católica de Valparaíso 
082 0 4 |a 346.83066  |b AGU  |2 21 
100 0 |a Aguirre Brand, María Laura  |e author  |9 551087 
245 1 0 |a Gobierno corporativo en la sociedad por acciones 
260 |a Santiago  |b Thomson Reuters Puntolex  |c 2010 
300 |a 522 p 
583 |a last modification  |c 20190801 06:22:00  |k Rodrigo Vera 
650 0 |a Sociedades anónimas  |9 255387 
650 0 |a Aspectos jurídicos  |9 328188 
650 0 |a Gobierno corporativo   |9 551088 
651 7 |a CHILE  |2 CL-VaPUC  |9 551089 
942 |c BK 
945 |d 20100715 00:00:00  |a mfarfan 
999 |c 341735  |d 341733 
952 |0 0  |1 0  |4 0  |6 346_830660000000000_AGU_2010  |7 0  |8 A  |9 437430  |a BIBDER  |b BIBDER  |d 2019-11-22  |i 4695178  |l 5  |o 346.83066 AGU 2010  |p 4695178  |r 2024-06-24  |s 2024-06-19  |w 2019-11-22  |y BK  |k DER 
952 |0 0  |1 0  |3 erb  |4 0  |6 346_830660000000000_AGU_2010  |7 0  |8 A  |9 437431  |a BIBGIM  |b BIBGIM  |i 5556457  |o 346.83066 AGU 2010  |p 5556457  |r 2025-01-15  |w 2019-11-22  |y BK  |z Catalogado en:20190802  |k COM